[Event "DEM U12w 2016"]
[Site "Willingen GER"]
[Date "2016.05.17"]
[Round "5"]
[White "Sinnhöfer, Lilian"]
[Black "Glinzner, Alva"]
[Result "0-1"]
[Termination "normal"]
[Board "5"]
[WhiteElo "1283"]
[BlackElo "1518"]
[PlyCount "90"]
[WhiteFideId "12977586"]
[BlackFideId "16206169"]
[EventCountry "GER"]
[EventRounds "11"]
[EventType "swiss"]
[EventDate "2016.05.14"]

1. e4 c6 2. d4 d5 3. e5 Bf5 4. Ne2 e6 5. Ng3 Bg6 6. h4 h6 7. h5 Bh7 8. Bd3 Bxd3
9. cxd3 Qb6 10. Be3 Qxb2 11. Nd2 Bb4 12. O-O Bxd2 13. Rb1 Qxa2 14. Bxd2 b6 15.
Be3 Qa6 16. Qg4 Kf8 17. f4 Qxd3 18. Bf2 Ne7 19. Rbd1 Qh7 20. Qh4 Nd7 21. f5
Nxf5 22. Nxf5 Qxf5 23. Be3 Qh7 24. Qh3 Ke8 25. Rc1 Rc8 26. Bd2 a5 27. Qa3 Qe4
28. Rf4 Qe2 29. Rf2 Qxh5 30. Qa4 c5 31. dxc5 bxc5 32. Bxa5 Qxe5 33. Bc3 Qg5 34.
Rb1 d4 35. Bd2 Qd5 36. Rb5 Ra8 37. Qd1 Ke7 38. Qf1 f6 39. Bf4 e5 40. Qe1 Rhb8
41. Rxb8 Rxb8 42. Bg3 c4 43. Ra2 c3 44. Rc2 Rc8 45. Rf2 d3 0-1

[Event "DEM U12w 2016"]
[Site "Willingen GER"]
[Date "2016.05.17"]
[Round "5"]
[White "Ortlepp, Klaudia"]
[Black "Orlova, Alicia"]
[Result "1-0"]
[Termination "normal"]
[Board "6"]
[WhiteElo "1407"]
[BlackElo "1285"]
[PlyCount "119"]
[WhiteFideId "16206045"]
[BlackFideId "34154563"]
[EventCountry "GER"]
[EventRounds "11"]
[EventType "swiss"]
[EventDate "2016.05.14"]

1. e4 e5 2. Nc3 Nc6 3. f4 d6 4. Nf3 f6 5. Bc4 Bd7 6. O-O Qe7 7. Nd5 Qd8 8. Nh4
g6 9. f5 Nce7 10. fxg6 hxg6 11. Nxe7 Nxe7 12. Qf3 f5 13. Qg3 f4 14. Qf2 c6 15.
d4 Qb6 16. Nf3 Bg7 17. dxe5 Qxf2+ 18. Rxf2 dxe5 19. Bd2 b5 20. Bb3 c5 21. c4 b4
22. Rd1 Nc6 23. Ba4 Ke7 24. b3 Bf6 25. Bxc6 Bxc6 26. Re2 g5 27. h3 Rh7 28. Bc1
Rah8 29. Bb2 Ke6 30. Kf2 Rd7 31. Rxd7 Bxd7 32. Ne1 Be8 33. Nd3 Kd6 34. Rd2 Bg6
35. Nxf4+ Kc6 36. Nxg6 Re8 37. Rd5 Re6 38. Nxe5+ Kc7 39. Rxc5+ Kb7 40. Nd3 Be7
41. Rxg5 Rxe4 42. Re5 Rxe5 43. Nxe5 Bf6 44. Kf3 Kc7 45. Kf4 Bh4 46. g3 Be7 47.
h4 Kd6 48. Kf5 Bf8 49. g4 Ke7 50. Ng6+ Kf7 51. Nxf8 Kxf8 52. h5 Kg8 53. c5 Kf7
54. c6 Ke7 55. h6 Kd6 56. h7 Kxc6 57. h8=Q Kb5 58. g5 Kc6 59. g6 Kd7 60. g7 1-0

[Event "DEM U12w 2016"]
[Site "Willingen GER"]
[Date "2016.05.17"]
[Round "5"]
[White "Delgado, Celina"]
[Black "Brunner, Sophia"]
[Result "0-1"]
[Termination "normal"]
[Board "7"]
[WhiteElo "1405"]
[BlackElo "1602"]
[PlyCount "154"]
[WhiteFideId "12993735"]
[BlackFideId "12960683"]
[EventCountry "GER"]
[EventRounds "11"]
[EventType "swiss"]
[EventDate "2016.05.14"]

1. e4 Nf6 2. e5 Nd5 3. Nf3 d6 4. exd6 exd6 5. d4 Be7 6. Bc4 Nb6 7. Bb3 O-O 8.
h3 Bf6 9. O-O Nc6 10. c3 Bf5 11. Bf4 Qd7 12. Re1 Rfe8 13. Rxe8+ Rxe8 14. Nbd2
d5 15. Nf1 Na5 16. Bc2 Bxc2 17. Qxc2 Nac4 18. b3 Nd6 19. Ng3 Qc6 20. Bxd6 Qxd6
21. Qd2 Rc8 22. Rc1 g6 23. c4 dxc4 24. bxc4 Qd7 25. Ne4 Be7 26. Qf4 f5 27. Ng3
Bd6 28. Qg5 Bxg3 29. Qxg3 Qe6 30. Ne5 Rd8 31. c5 Nd5 32. Rb1 b6 33. cxb6 axb6
34. Rc1 Rd6 35. Qb3 Kg7 36. Qg3 Kg8 37. Qb3 Nf4 38. Qxe6+ Nxe6 39. Nf3 Kf8 40.
Kf1 Ke7 41. Ke2 Nf4+ 42. Kf1 Kd8 43. Ne5 Rf6 44. h4 Ne6 45. Rc6 Ke7 46. Nf3 Rf7
47. d5 Nd8 48. Rxc7+ Kd6 49. Rc8 Nb7 50. Rc6+ Kxd5 51. Rxb6 Nc5 52. Rb2 Ra7 53.
Ng5 Re7 54. Re2 Ra7 55. Ke1 Nd3+ 56. Kd2 Nf4 57. Re8 Rxa2+ 58. Ke3 Re2+ 59. Kf3
Rxe8 60. Kxf4 h6 61. Nf7 Re4+ 62. Kg3 Rg4+ 63. Kh3 g5 64. hxg5 hxg5 65. f3 Rh4+
66. Kg3 f4+ 67. Kf2 g4 68. fxg4 Rxg4 69. Kf3 Rg3+ 70. Kf2 Rg6 71. Nd8 Rg7 72.
Kf3 Rd7 73. Kxf4 Rxd8 74. Kf5 Rf8+ 75. Kg4 Ke5 76. g3 Rg8+ 77. Kf3 Kf5 0-1

[Event "DEM U12w 2016"]
[Site "Willingen GER"]
[Date "2016.05.17"]
[Round "5"]
[White "Bardorz, Jana"]
[Black "Meijerink, Inken"]
[Result "0-1"]
[Termination "normal"]
[Board "8"]
[WhiteElo "1485"]
[BlackElo "1306"]
[PlyCount "112"]
[WhiteFideId "16208897"]
[BlackFideId "16225465"]
[EventCountry "GER"]
[EventRounds "11"]
[EventType "swiss"]
[EventDate "2016.05.14"]

1. e4 c5 2. Nf3 Nc6 3. d4 cxd4 4. Nxd4 g6 5. Nc3 Bg7 6. Be3 Nf6 7. f3 O-O 8.
Qd2 d5 9. Nxc6 bxc6 10. O-O-O Bb7 11. e5 Nd7 12. f4 a5 13. h4 Ba6 14. h5 Bxf1
15. Rdxf1 Nb6 16. hxg6 fxg6 17. Bd4 Qb8 18. Qf2 Nc4 19. b3 Bxe5 20. Bxe5 Nxe5
21. Qh4 h5 22. Qg5 Rf5 23. Qxe7 Qf8 24. Qe6+ Kh7 25. Re1 Re8 26. g4 Rxe6 27.
gxf5 Qxf5 28. fxe5 Rxe5 29. Rxe5 Qxe5 30. Rh3 Kh6 31. Rd3 h4 32. Kb1 g5 33. Nd1
g4 34. Ne3 Qf4 35. Kb2 h3 36. Rc3 Qf8 37. Nxg4+ Kg5 38. Nh2 Qh8 39. Nf3+ Kh5
40. Nh2 Qf6 41. a3 Kh4 42. Nf3+ Kg3 43. Ng1+ Qxc3+ 44. Kxc3 h2 45. Ne2+ Kf2 46.
Nd4 h1=Q 47. Nxc6 Qh8+ 48. Kd3 Qh7+ 49. Kd4 Qe4+ 50. Kc3 Qe3+ 51. Kb2 d4 52.
Ka2 Qc3 53. Ne5 Qxc2+ 54. Ka1 Qd1+ 55. Ka2 Qe2+ 56. Kb1 Qxe5 0-1

[Event "DEM U12w 2016"]
[Site "Willingen GER"]
[Date "2016.05.17"]
[Round "5"]
[White "Dietz, Kristin"]
[Black "Pavlov, Liliane"]
[Result "0-1"]
[Termination "normal"]
[Board "9"]
[WhiteElo "1432"]
[BlackElo "1445"]
[PlyCount "68"]
[WhiteFideId "12993743"]
[BlackFideId "16225449"]
[EventCountry "GER"]
[EventRounds "11"]
[EventType "swiss"]
[EventDate "2016.05.14"]

1. e4 e6 2. d4 d5 3. Nd2 dxe4 4. Nxe4 Bd7 5. Nf3 Bc6 6. Bd3 Nd7 7. O-O Ngf6 8.
Re1 Be7 9. c4 O-O 10. Qc2 Re8 11. Bd2 Nf8 12. Bc3 Ng6 13. Rad1 a5 14. a3 b6 15.
Ne5 Bb7 16. Ng5 Nxe5 17. Bxh7+ Kf8 18. dxe5 Nd7 19. Bg8 Bxg5 20. Qh7 Bh6 21.
Bd2 Bxd2 22. Rxd2 Qg5 23. g3 Qxd2 24. Rf1 Nxe5 25. Qh5 Ng6 26. Bh7 Qh6 27. Bxg6
Qxg6 28. Qe5 Qe4 29. Qxe4 Bxe4 30. Re1 Bd3 31. h4 Bxc4 32. Rc1 b5 33. a4 c6 34.
axb5 cxb5 0-1

[Event "DEM U12w 2016"]
[Site "Willingen GER"]
[Date "2016.05.17"]
[Round "5"]
[White "Bayer, Melissa"]
[Black "Reuter, Elisa"]
[Result "0-1"]
[Termination "normal"]
[Board "10"]
[WhiteElo "1484"]
[BlackElo "1591"]
[PlyCount "176"]
[WhiteFideId "16206916"]
[BlackFideId "12995444"]
[EventCountry "GER"]
[EventRounds "11"]
[EventType "swiss"]
[EventDate "2016.05.14"]

1. e4 c5 2. Nf3 Nc6 3. Bb5 g6 4. Bxc6 bxc6 5. d3 Bg7 6. Nc3 d6 7. h3 e5 8. Be3
Ne7 9. Qd2 O-O 10. Bh6 f5 11. Bxg7 Kxg7 12. h4 f4 13. h5 Ng8 14. O-O-O g5 15.
Rdg1 h6 16. Ne1 Kh7 17. f3 Rb8 18. g3 Qb6 19. b3 Be6 20. Na4 Qb4 21. c3 Qa3+
22. Qb2 Qxb2+ 23. Nxb2 fxg3 24. Rxg3 Nf6 25. Nd1 d5 26. Ne3 d4 27. Nc4 Bxc4 28.
dxc4 a5 29. Kc2 Nd7 30. Nd3 Rf7 31. a3 Re7 32. Rb1 Ree8 33. cxd4 cxd4 34. b4
axb4 35. axb4 Nb6 36. Nb2 Rec8 37. Kd3 Nd7 38. Nd1 Rb7 39. Rg2 Rf8 40. Rf2 Nf6
41. Rh2 Rfb8 42. b5 cxb5 43. cxb5 Rxb5 44. Rhb2 Rxb2 45. Rxb2 Rxb2 46. Nxb2
Nxh5 47. Nc4 Nf4+ 48. Kd2 Ng6 49. Nd6 h5 50. Ke2 Nf4+ 51. Kf2 Kg6 52. Nc4 Kf6
53. Nd2 h4 54. Kf1 h3 55. Kg1 d3 56. Kh2 Ke6 57. Nc4 Ke7 58. Kg3 Ke6 59. Kh2
Kf6 60. Kg3 Ke7 61. Kh2 Kd8 62. Nd2 Kc7 63. Nc4 Kb7 64. Nd6+ Ka6 65. Nc4 Kb5
66. Na3+ Ka4 67. Nc4 Kb4 68. Nd2 Kc3 69. Nb1+ Kb2 70. Nd2 Kc2 71. Nf1 d2 72.
Kg3 Kc1 73. Ne3 d1=Q 74. Nxd1 Kxd1 75. Kh2 Ke2 76. Kg3 Ke3 77. Kg4 h2 78. Kxg5
h1=Q 79. Kf5 Qh5+ 80. Kf6 Kxf3 81. Ke7 Qg6 82. Kd7 Qe6+ 83. Kc7 Kxe4 84. Kb7
Qd6 85. Ka7 Qb4 86. Ka6 Kd5 87. Ka7 Kc6 88. Ka6 Qb6# 0-1

[Event "DEM U12w 2016"]
[Site "Willingen GER"]
[Date "2016.05.17"]
[Round "5"]
[White "Diederich, Greta"]
[Black "Liu, Sijia Anna"]
[Result "0-1"]
[Termination "normal"]
[Board "11"]
[WhiteElo "1215"]
[BlackElo "1357"]
[PlyCount "64"]
[WhiteFideId "12988618"]
[BlackFideId "12989746"]
[EventCountry "GER"]
[EventRounds "11"]
[EventType "swiss"]
[EventDate "2016.05.14"]

1. e4 c5 2. Nc3 Nc6 3. f4 g6 4. Nf3 Bg7 5. Bc4 e6 6. a4 Nge7 7. d3 O-O 8. O-O
d5 9. Ba2 b6 10. Qe1 Nd4 11. Nxd4 cxd4 12. Ne2 Re8 13. f5 gxf5 14. Qh4 Ng6 15.
Qf2 dxe4 16. dxe4 d3 17. Nf4 Bd4 18. Be3 Bxb2 19. Rab1 Bg7 20. Nxg6 fxg6 21.
exf5 Kh8 22. fxg6 hxg6 23. Qg3 dxc2 24. Rbc1 Qd3 25. Rce1 Bd7 26. Qh4+ Kg8 27.
Bc1 Qd4+ 28. Qxd4 Bxd4+ 29. Kh1 Rf8 30. Bb3 Rac8 31. Ba3 Rxf1+ 32. Rxf1 Rc3 0-1

[Event "DEM U12w 2016"]
[Site "Willingen GER"]
[Date "2016.05.17"]
[Round "5"]
[White "Reichelt, Lena"]
[Black "Visvikis, Kassandra"]
[Result "1/2-1/2"]
[Termination "normal"]
[Board "12"]
[WhiteElo "1261"]
[BlackElo "1342"]
[PlyCount "56"]
[WhiteFideId "12981184"]
[BlackFideId "36052167"]
[EventCountry "GER"]
[EventRounds "11"]
[EventType "swiss"]
[EventDate "2016.05.14"]

1. d4 d5 2. Nf3 e6 3. e3 c5 4. b3 Nc6 5. Bd3 Nf6 6. O-O Be7 7. Bb2 Qb6 8. Nbd2
Bd7 9. c4 cxd4 10. exd4 dxc4 11. Nxc4 Qc7 12. Rc1 Rc8 13. Nce5 Qb8 14. Re1 Nxe5
15. dxe5 Nd5 16. Bc4 Nb6 17. Qd3 O-O 18. Red1 Nxc4 19. bxc4 Rfd8 20. Qe2 Qc7
21. Rc3 Ba4 22. Rxd8+ Rxd8 23. Rd3 Qb6 24. Rxd8+ Qxd8 25. Qd2 Qxd2 26. Nxd2 f6
27. Ne4 Bc6 28. exf6 Bxe4 1/2-1/2

[Event "DEM U12w 2016"]
[Site "Willingen GER"]
[Date "2016.05.17"]
[Round "5"]
[White "Limbach, Anna-Lena"]
[Black "Krömer, Paulina"]
[Result "1-0"]
[Termination "normal"]
[Board "13"]
[WhiteElo "1365"]
[BlackElo "1643"]
[PlyCount "103"]
[WhiteFideId "12980412"]
[BlackFideId "16212363"]
[EventCountry "GER"]
[EventRounds "11"]
[EventType "swiss"]
[EventDate "2016.05.14"]

1. c4 e5 2. g3 Nf6 3. Bg2 c6 4. Nc3 d5 5. b3 Be6 6. d3 Be7 7. Bb2 d4 8. Nb1
Bb4+ 9. Nd2 O-O 10. Qc2 Nbd7 11. a3 Be7 12. Ngf3 Rc8 13. Rc1 b5 14. cxb5 cxb5
15. Qxc8 Qxc8 16. Rxc8 Rxc8 17. O-O Rc2 18. Rb1 Bg4 19. Kf1 Bxf3 20. Nxf3 b4
21. a4 Nd5 22. Nxe5 Nc3 23. Bxc3 dxc3 24. Nxd7 Rb2 25. Rc1 Rxb3 26. Ke1 Rb2 27.
Ne5 c2 28. Kd2 b3 29. Nc6 Bd6 30. d4 Rb1 31. Rxc2 bxc2 32. Kxc2 Rg1 33. Be4 Rf1
34. f3 Rf2 35. Kd3 Rxh2 36. g4 Kf8 37. Nxa7 Rh1 38. Nb5 Be7 39. Kc4 Ra1 40. Nc3
h6 41. Kb5 Ke8 42. a5 Bd8 43. a6 Kd7 44. Na4 Rxa4 45. Kxa4 Bb6 46. e3 Ke6 47.
Kb5 Ba7 48. Kc6 g5 49. Kb7 f5 50. gxf5+ Kf6 51. Kxa7 h5 52. Kb6 1-0

[Event "DEM U12w 2016"]
[Site "Willingen GER"]
[Date "2016.05.17"]
[Round "5"]
[White "Rudolph, Eva"]
[Black "Kieckbusch, Lotta"]
[Result "1-0"]
[Termination "normal"]
[Board "14"]
[WhiteElo "1558"]
[BlackElo "993"]
[PlyCount "72"]
[WhiteFideId "16200594"]
[BlackFideId "16214390"]
[EventCountry "GER"]
[EventRounds "11"]
[EventType "swiss"]
[EventDate "2016.05.14"]

1. e4 c6 2. Nf3 d5 3. exd5 cxd5 4. Ne5 g6 5. d4 Bg7 6. c3 Nd7 7. Bb5 a6 8.
Bxd7+ Bxd7 9. Bf4 f6 10. Nd3 Nh6 11. Qe2 O-O 12. O-O Nf5 13. Nd2 Bb5 14. a4
Bxd3 15. Qxd3 e5 16. Be3 Qd7 17. f3 Rfe8 18. Bf2 Qc6 19. Rfe1 Re7 20. Re2 Rae8
21. Rae1 Qxa4 22. dxe5 fxe5 23. Qxd5+ Kh8 24. Nc4 Qb3 25. Qc5 Qb5 26. Qxb5 axb5
27. Nd2 Rd7 28. Ne4 Nd6 29. Rd2 Red8 30. Red1 Bf8 31. Bb6 Nc4 32. Rxd7 Rxd7 33.
Rxd7 Nxb6 34. Rxb7 Bh6 35. Nf6 Bg7 36. Rxb6 Bh6 1-0

[Event "DEM U12w 2016"]
[Site "Willingen GER"]
[Date "2016.05.17"]
[Round "5"]
[White "Gehrke, Gina Celina"]
[Black "Wucherer, Sophie"]
[Result "1-0"]
[Termination "normal"]
[Board "15"]
[WhiteElo "1519"]
[BlackElo "1171"]
[PlyCount "63"]
[WhiteFideId "16205979"]
[BlackFideId "16225473"]
[EventCountry "GER"]
[EventRounds "11"]
[EventType "swiss"]
[EventDate "2016.05.14"]

1. d4 Nf6 2. e3 b6 3. Nd2 e6 4. Bd3 Ba6 5. c4 c5 6. Ngf3 Nc6 7. Nb3 Be7 8. O-O
O-O 9. Nbd2 d5 10. b3 Nb4 11. Bb1 Qc7 12. Ne5 Bd6 13. f4 Rfe8 14. a3 Nc6 15.
Bb2 Rad8 16. Qc2 Be7 17. Nxc6 Qxc6 18. Rd1 Qd7 19. dxc5 bxc5 20. Bxf6 Bxf6 21.
Qxh7+ Kf8 22. Ra2 Qc6 23. cxd5 exd5 24. Qh3 Re6 25. Bc2 Bb7 26. Nf3 Qc7 27. Bf5
Rxe3 28. Re1 Qxf4 29. Rae2 Rxe2 30. Rxe2 Qc1+ 31. Re1 Qxa3 32. Qh8# 1-0

[Event "DEM U12w 2016"]
[Site "Willingen GER"]
[Date "2016.05.17"]
[Round "5"]
[White "Kiesel, Lara"]
[Black "Zell, Hannah"]
[Result "1-0"]
[Termination "normal"]
[Board "16"]
[WhiteElo "1318"]
[BlackElo "1371"]
[PlyCount "93"]
[WhiteFideId "12973785"]
[BlackFideId "16208900"]
[EventCountry "GER"]
[EventRounds "11"]
[EventType "swiss"]
[EventDate "2016.05.14"]

1. e4 e5 2. Nf3 Nc6 3. Bb5 a6 4. Bxc6 dxc6 5. O-O f6 6. d4 exd4 7. Nxd4 c5 8.
Nf3 Qxd1 9. Rxd1 Be6 10. Bf4 Rd8 11. Nc3 Bd6 12. Bxd6 Rxd6 13. Na4 Rxd1+ 14.
Rxd1 b6 15. Nc3 Ne7 16. Nd5 Bxd5 17. exd5 O-O 18. h3 Rd8 19. c4 b5 20. b3 b4
21. Re1 Kf7 22. Ra1 Rd6 23. a3 bxa3 24. Rxa3 Rb6 25. Nd2 Nf5 26. Ra5 Nd4 27.
Rxc5 Nxb3 28. Rxc7+ Kg6 29. Nxb3 Rxb3 30. c5 Rd3 31. d6 Rd5 32. d7 a5 33. c6 a4
34. Rc8 a3 35. d8=Q a2 36. Qe8+ Kh6 37. Qe1 Re5 38. Qxe5 fxe5 39. Ra8 Kg6 40.
Rxa2 Kf6 41. c7 g5 42. c8=Q e4 43. Qc5 Kg6 44. g4 h5 45. Ra6+ Kf7 46. Qc7+ Kf8
47. Ra8# 1-0

[Event "DEM U12w 2016"]
[Site "Willingen GER"]
[Date "2016.05.17"]
[Round "5"]
[White "Wittich, Carlotta"]
[Black "Bohrer, Katharina"]
[Result "0-1"]
[Termination "normal"]
[Board "17"]
[WhiteElo "952"]
[BlackElo "1406"]
[PlyCount "56"]
[WhiteFideId "16217411"]
[BlackFideId "16225457"]
[EventCountry "GER"]
[EventRounds "11"]
[EventType "swiss"]
[EventDate "2016.05.14"]

1. e4 d6 2. d4 Nf6 3. Nc3 g6 4. Be3 Bg7 5. f3 O-O 6. Qd2 e5 7. Nge2 Nbd7 8.
O-O-O a6 9. g4 b5 10. h4 b4 11. Nd5 Nxd5 12. exd5 Bb7 13. dxe5 Nxe5 14. Qxb4
Rb8 15. Bg2 Bxd5 16. Qc3 Nxf3 17. Nd4 c5 18. Rh3 cxd4 19. Bxd4 Nxd4 20. Rxd4
Bxg2 21. Rh2 Qb6 22. Rxg2 Bxd4 23. Qb3 Be3+ 24. Kd1 Qc6 25. Qc3 Qxg2 26. Qxe3
Rfe8 27. Qd3 Rxb2 28. h5 Rb1# 0-1

[Event "DEM U12w 2016"]
[Site "Willingen GER"]
[Date "2016.05.17"]
[Round "5"]
[White "Stowicek, Yara Mathilda"]
[Black "Hapke, Lara"]
[Result "1-0"]
[Termination "normal"]
[Board "18"]
[WhiteElo "1394"]
[BlackElo "971"]
[PlyCount "53"]
[WhiteFideId "16203569"]
[BlackFideId "12996572"]
[EventCountry "GER"]
[EventRounds "11"]
[EventType "swiss"]
[EventDate "2016.05.14"]

1. e4 e5 2. Nf3 Nc6 3. Bc4 Bc5 4. c3 Nf6 5. d3 d6 6. O-O a6 7. Bb3 Bg4 8. Nbd2
Qd7 9. Re1 O-O-O 10. Nf1 Kb8 11. Ng3 g6 12. Bg5 Qe7 13. h3 Be6 14. Bc2 h6 15.
Bxf6 Qxf6 16. b4 Ba7 17. a4 Ka8 18. b5 Nb8 19. c4 Qf4 20. Ne2 Qf6 21. a5 g5 22.
Nc3 g4 23. hxg4 Bxg4 24. Nd5 Bxf2+ 25. Kxf2 Qg6 26. Nxc7+ Ka7 27. b6# 1-0

[Event "DEM U12w 2016"]
[Site "Willingen GER"]
[Date "2016.05.17"]
[Round "5"]
[White "Fuchs, Emily"]
[Black "Schwegler, Jelena"]
[Result "1-0"]
[Termination "normal"]
[Board "19"]
[WhiteElo "1027"]
[BlackElo "912"]
[PlyCount "149"]
[WhiteFideId "16208986"]
[BlackFideId "16225481"]
[EventCountry "GER"]
[EventRounds "11"]
[EventType "swiss"]
[EventDate "2016.05.14"]

1. e4 e5 2. Nf3 Nc6 3. d4 exd4 4. Nxd4 Nf6 5. Nc3 Bb4 6. Nxc6 bxc6 7. Bd2 d5 8.
e5 Qe7 9. Qe2 Ng4 10. f4 O-O 11. O-O-O Rb8 12. Na4 Bxd2+ 13. Qxd2 Qb4 14. Qxb4
Rxb4 15. Nc5 Nf2 16. Nd3 Nxd3+ 17. Bxd3 Rxf4 18. g3 Ra4 19. Kb1 Ba6 20. b3 Ra5
21. Rhe1 Bxd3 22. Rxd3 Re8 23. Rde3 d4 24. Re4 Rd5 25. Kb2 f5 26. exf6 Rxe4 27.
Rxe4 gxf6 28. c4 dxc3+ 29. Kxc3 Kf7 30. b4 Rd1 31. Kc2 Rh1 32. h4 Rg1 33. g4
Rg2+ 34. Kb3 h6 35. Rc4 Rg3+ 36. Ka4 Rg2 37. a3 Kg6 38. Rxc6 Rxg4 39. Rxc7 Rxh4
40. Rxa7 f5 41. Kb3 f4 42. b5 Rh3+ 43. Kc2 f3 44. Ra8 Kg7 45. Kd2 Rh5 46. Ra7+
Kg6 47. Ra6+ Kg7 48. b6 Rf5 49. Ke1 Rf6 50. b7 Rxa6 51. b8=Q Re6+ 52. Kf2 Rf6
53. a4 h5 54. Qg3+ Kf7 55. Qg5 Rc6 56. Qd5+ Re6 57. Qxh5+ Rg6 58. a5 Kf6 59.
Qxf3+ Kg7 60. Qb7+ Kh6 61. a6 Rf6+ 62. Ke3 Re6+ 63. Kd4 Rg6 64. a7 Rg4+ 65. Qe4
Rxe4+ 66. Kxe4 Kg6 67. a8=Q Kf6 68. Qd8+ Ke6 69. Qb6+ Ke7 70. Ke5 Kf7 71. Qf6+
Kg8 72. Ke6 Kh7 73. Qg5 Kh8 74. Kf7 Kh7 75. Qh5# 1-0

[Event "DEM U12w 2016"]
[Site "Willingen GER"]
[Date "2016.05.18"]
[Round "6"]
[White "Schnabel, Luise"]
[Black "Khamenya, Vitalia"]
[Result "0-1"]
[Termination "normal"]
[Board "1"]
[WhiteElo "1621"]
[BlackElo "1611"]
[WhiteClock "00:15:55"]
[BlackClock "00:27:47"]
[PlyCount "98"]
[WhiteFideId "12943347"]
[BlackFideId "12959260"]
[EventCountry "GER"]
[EventRounds "11"]
[EventType "swiss"]
[EventDate "2016.05.14"]

1. e4 d5 2. exd5 Qxd5 3. Nc3 Qd6 4. d4 a6 5. Nf3 Bg4 6. g3 Nf6 7. Bf4 Qd8 8. a3
e6 9. h3 Bh5 10. g4 Bg6 11. Ne5 Nd5 12. Nxd5 Qxd5 13. f3 Nc6 14. c3 Nxe5 15.
Bxe5 O-O-O 16. Bg3 h5 17. Bg2 hxg4 18. hxg4 Rxh1+ 19. Bxh1 Be7 20. Qe2 Rh8 21.
Bg2 Qb3 22. f4 Bd6 23. Rc1 Qa4 24. Qf3 Qb5 25. Qe2 Bd3 26. Qf2 Bc4 27. Ra1 Bd5
28. Rd1 Qc6 29. Bxd5 Qxd5 30. Kd2 Rh3 31. Rg1 Rh6 32. Ke3 f5 33. g5 Qe4+ 34.
Kd2 Rh3 35. Qe3 Rxg3 36. Qxe4 fxe4 37. Rxg3 Bxf4+ 38. Re3 Bxg5 39. Ke2 Bxe3 40.
Kxe3 Kd7 41. Kxe4 Kd6 42. b4 b6 43. c4 c5 44. b5 a5 45. d5 exd5+ 46. cxd5 a4
47. Kd3 Kxd5 48. Kc3 g5 49. Kd2 Kc4 0-1

[Event "DEM U12w 2016"]
[Site "Willingen GER"]
[Date "2016.05.18"]
[Round "6"]
[White "Schneider, Katharina"]
[Black "Basovskiy, Jana"]
[Result "1/2-1/2"]
[Termination "normal"]
[Board "2"]
[WhiteElo "1565"]
[BlackElo "1365"]
[WhiteClock "00:02:20"]
[BlackClock "00:02:01"]
[PlyCount "122"]
[WhiteFideId "16200519"]
[BlackFideId "16208617"]
[EventCountry "GER"]
[EventRounds "11"]
[EventType "swiss"]
[EventDate "2016.05.14"]

1. e4 c5 2. Nf3 e6 3. d4 cxd4 4. Nxd4 Nf6 5. Nc3 Nc6 6. Ndb5 Bb4 7. a3 Bxc3+ 8.
Nxc3 O-O 9. Bc4 a6 10. Ba2 b5 11. O-O Bb7 12. Bg5 h6 13. Bh4 Ne5 14. f4 Ng6 15.
Bxf6 gxf6 16. f5 Ne5 17. Rf4 Kh7 18. Qd2 Rg8 19. Kh1 Rg5 20. Raf1 exf5 21. Rxf5
Rg6 22. Nd5 Bxd5 23. Bxd5 Rb8 24. Qf4 Rb6 25. Qe3 Rb8 26. Qb3 Qe7 27. R1f4 Rbg8
28. Rf2 Ng4 29. Re2 Ne5 30. Rxe5 fxe5 31. Bxf7 Qf6 32. Bxg8+ Rxg8 33. Qf3 Qd6
34. Qd3 Qe6 35. Rf2 Rg5 36. Qf3 Qd6 37. Qf7+ Rg7 38. Qd5 Qc7 39. Rf7 Qxc2 40.
Rxg7+ Kxg7 41. Qxe5+ Kg8 42. Qe8+ Kg7 43. Qxd7+ Kf6 44. Qd6+ Kf7 45. Qd5+ Kf8
46. h3 Qc1+ 47. Kh2 Qf4+ 48. Kg1 Qc1+ 49. Kf2 Qxb2+ 50. Ke1 Qxa3 51. Qf5+ Kg7
52. Qd7+ Kf8 53. Qd8+ Kf7 54. Qc7+ Qe7 55. Qf4+ Qf6 56. Qc7+ Kg6 57. Qg3+ Kf7
58. e5 Qg6 59. Qf3+ Ke6 60. Qc6+ Kf7 61. Qd7+ Kf8 1/2-1/2

[Event "DEM U12w 2016"]
[Site "Willingen GER"]
[Date "2016.05.18"]
[Round "6"]
[White "Glinzner, Alva"]
[Black "Otterpohl, Isabel"]
[Result "1-0"]
[Termination "normal"]
[Board "3"]
[WhiteElo "1518"]
[BlackElo "1699"]
[WhiteClock "00:42:56"]
[BlackClock "00:05:14"]
[PlyCount "111"]
[WhiteFideId "16206169"]
[BlackFideId "12999180"]
[EventCountry "GER"]
[EventRounds "11"]
[EventType "swiss"]
[EventDate "2016.05.14"]

1. e4 e5 2. Nf3 Nc6 3. Bb5 a6 4. Ba4 Nf6 5. d3 d6 6. h3 Be7 7. O-O O-O 8. c3
Re8 9. Re1 Bf8 10. Nbd2 g6 11. Nf1 Bg7 12. Be3 b5 13. Bc2 Bb7 14. Ng3 d5 15.
Bg5 Qd6 16. Bxf6 Bxf6 17. exd5 Qxd5 18. Ne4 Be7 19. Nh2 h5 20. Qf3 Rf8 21. Nf6+
Bxf6 22. Qxd5 Nb4 23. Qb3 Nc6 24. Bd1 Rad8 25. Qc2 Ne7 26. Bf3 Bc8 27. Rad1 c5
28. Nf1 Be6 29. Ng3 c4 30. dxc4 Bxc4 31. Ne4 Bg7 32. b3 Be6 33. Nc5 Bc8 34. Nd3
f6 35. c4 Nf5 36. Bd5+ Kh8 37. Nc5 Rde8 38. cxb5 axb5 39. Bc6 Nd4 40. Rxd4 Bf5
41. Qd2 Rc8 42. Rd6 Kh7 43. Qb4 Rb8 44. Bxb5 Rfc8 45. Nd7 Bxd7 46. Rxd7 Kh8 47.
Qe7 Rg8 48. Bc4 Kh7 49. Bxg8+ Rxg8 50. Qxf6 Kh6 51. Qf7 e4 52. Qxg8 Bf6 53. Rd6
Kg5 54. h4+ Kf5 55. Qe6+ Kf4 56. Qxe4# 1-0

[Event "DEM U12w 2016"]
[Site "Willingen GER"]
[Date "2016.05.18"]
[Round "6"]
[White "Pavlov, Liliane"]
[Black "Ortlepp, Klaudia"]
[Result "1-0"]
[Termination "normal"]
[Board "4"]
[WhiteElo "1445"]
[BlackElo "1407"]
[WhiteClock "00:08:36"]
[BlackClock "00:06:34"]
[PlyCount "51"]
[WhiteFideId "16225449"]
[BlackFideId "16206045"]
[EventCountry "GER"]
[EventRounds "11"]
[EventType "swiss"]
[EventDate "2016.05.14"]

1. e4 e5 2. d4 exd4 3. Qxd4 Nc6 4. Qe3 d6 5. Bd2 Nf6 6. Nc3 Be6 7. O-O-O Be7 8.
Qg3 Ng4 9. h4 Nf6 10. f4 Rg8 11. Nf3 a5 12. Bb5 Bd7 13. Bc4 h6 14. e5 Nh5 15.
Qf2 Qc8 16. exd6 Bxd6 17. Rhe1+ Ne7 18. Ne5 Bxe5 19. Rxe5 Kf8 20. Rde1 b6 21.
Rxe7 Be6 22. Bxe6 fxe6 23. R7xe6 Nf6 24. f5 a4 25. Qg3 Qd7 26. Bxh6 1-0

[Event "DEM U12w 2016"]
[Site "Willingen GER"]
[Date "2016.05.18"]
[Round "6"]
[White "Ziegenfuß, Antonia"]
[Black "Meijerink, Inken"]
[Result "1-0"]
[Termination "normal"]
[Board "5"]
[WhiteElo "1560"]
[BlackElo "1306"]
[PlyCount "81"]
[WhiteFideId "12962554"]
[BlackFideId "16225465"]
[EventCountry "GER"]
[EventRounds "11"]
[EventType "swiss"]
[EventDate "2016.05.14"]

1. e4 c5 2. Nf3 Nc6 3. Bb5 g6 4. Bxc6 bxc6 5. O-O Bg7 6. e5 e6 7. Nc3 Ne7 8.
Ne4 O-O 9. Nxc5 d6 10. exd6 Qxd6 11. Ne4 Qd8 12. d4 Ba6 13. Re1 Nd5 14. Bg5 f6
15. Bh4 g5 16. Bg3 h5 17. Nc5 h4 18. Bxh4 gxh4 19. Nxa6 h3 20. g3 e5 21. Nc5
Re8 22. Nh4 Qe7 23. Qg4 Qf7 24. Nf5 Kf8 25. Nd6 f5 26. Qxh3 Qg6 27. Nxe8 Rxe8
28. Nd7+ Kg8 29. Nxe5 Qg5 30. Nf3 Rxe1+ 31. Rxe1 Qg4 32. Qxg4 fxg4 33. Ne5 Nb4
34. c3 Bxe5 35. Rxe5 Nd3 36. Rg5+ Kf7 37. b3 Ne1 38. Rxg4 Nf3+ 39. Kg2 Nd2 40.
Rf4+ Ke6 41. h4 1-0